| 000 | 00376nam a2200145Ia 4500 | ||
|---|---|---|---|
| 008 | 240624s9999 xx 000 0 und d | ||
| 041 | _aeng | ||
| 082 | _a658.4012 WES | ||
| 100 | _aWEST DOUGLAS | ||
| 245 | _aSTRATEGIC MARKETING CREATING COMPETITIVE | ||
| 250 | _a(2nd ed.) | ||
| 260 |
_c2011 _aNew Delhi _bOxford |
||
| 300 | _axxvi, : 585 : p. : cm. ; 26 | ||
| 365 |
_cRS _b31 |
||
| 999 |
_c24970 _d24970 |
||